000 00715nam a2200289Ia 4500
005 20260324145329.0
008 008 260324s9999 xx 000 0 eng d
020 _a9781003240617
037 _aEBOOK
040 _aCRL
040 _beng
040 _cCRL
041 _2eng
041 _aeng
084 _qCRL
100 _aFerenc Fehér; Agnes Heller
_91220921
245 0 _aHungary 1956 Revisited
245 4 _bThe Message of a Revolution – A Quarter of a Century After
260 _bTaylor and Francis
260 _c1983
365 _a
365 _b150
856 _uhttp://www.taylorfrancis.com/books/9781003240617
942 _cEBOOK
999 _c1830340
_d1830340